[Event "DVM U14 2016"]
[Site "Düsseldorf GER"]
[Date "2016.12.29"]
[Round "5"]
[White "Ning, Felix"]
[Black "Cinar, Alihan"]
[Result "1-0"]
[Termination "normal"]
[Board "2.4"]
[WhiteElo "1637"]
[BlackElo "1412"]
[WhiteClock "00:30:38"]
[BlackClock "00:01:30"]
[WhiteTeam "Karlsruher SF"]
[BlackTeam "Königsspringer SC"]
[PlyCount "119"]
[WhiteFideId "12988553"]
[BlackFideId "16217608"]
[EventCountry "GER"]
[EventRounds "7"]
[EventType "team-swiss"]
[EventDate "2016.12.26"]

1. d4 {[%clk 1:30:58]} d5 {[%clk 1:30:52]} 2. c4 {[%clk 1:31:21]} dxc4 {[%clk
1:31:15]} 3. Nc3 {[%clk 1:31:39]} Nf6 {[%clk 1:31:18]} 4. e3 {[%clk 1:31:58]}
e6 {[%clk 1:31:13]} 5. Bxc4 {[%clk 1:32:11]} a6 {[%clk 1:31:25]} 6. a4 {[%clk
1:31:07]} b6 {[%clk 1:27:52]} 7. Qf3 {[%clk 1:28:14]} Ra7 {[%clk 1:22:04]} 8.
Nge2 {[%clk 1:25:34]} Bb7 {[%clk 1:20:09]} 9. e4 {[%clk 1:16:06]} Bb4 {[%clk
1:18:33]} 10. Bd3 Nc6 {[%clk 1:11:01]} 11. Be3 {[%clk 1:05:44]} O-O {[%clk
1:03:14]} 12. O-O {[%clk 1:05:36]} e5 {[%clk 0:59:37]} 13. d5 {[%clk 1:01:45]}
Bxc3 {[%clk 0:51:14]} 14. Nxc3 {[%clk 0:58:55]} Nb4 {[%clk 0:50:32]} 15. Qe2
{[%clk 0:58:02]} Nxd3 {[%clk 0:50:27]} 16. Qxd3 {[%clk 0:58:18]} Qd6 {[%clk
0:45:53]} 17. f3 {[%clk 0:54:27]} Qb4 {[%clk 0:43:07]} 18. Rfc1 {[%clk
0:48:50]} Rd8 {[%clk 0:34:12]} 19. Ne2 {[%clk 0:39:57]} c6 {[%clk 0:30:22]} 20.
Rc4 {[%clk 0:39:07]} Qe7 {[%clk 0:15:08]} 21. Bxb6 {[%clk 0:32:47]} cxd5 {[%clk
0:11:09]} 22. Rc7 {[%clk 0:17:32]} Qd6 {[%clk 0:08:36]} 23. Qb3 {[%clk
0:16:41]} Nd7 {[%clk 0:07:31]} 24. Rxd7 {[%clk 0:15:00]} Qxd7 {[%clk 0:06:30]}
25. Bxa7 {[%clk 0:14:31]} dxe4 {[%clk 0:06:14]} 26. fxe4 {[%clk 0:11:23]} Bxe4
{[%clk 0:06:13]} 27. Bb6 {[%clk 0:11:05]} Rb8 {[%clk 0:05:03]} 28. a5 {[%clk
0:08:44]} Qg4 {[%clk 0:04:48]} 29. Ng3 {[%clk 0:08:14]} Bg6 {[%clk 0:02:28]}
30. Qf3 {[%clk 0:07:24]} Qe6 {[%clk 0:02:11]} 31. Rc1 {[%clk 0:06:01]} Rc8
{[%clk 0:01:35]} 32. Rxc8+ Qxc8 33. Qc3 {[%clk 0:05:56]} Qd7 {[%clk 0:00:54]}
34. Qxe5 {[%clk 0:05:37]} h6 {[%clk 0:01:02]} 35. Qd4 {[%clk 0:05:31]} Qc6
{[%clk 0:00:43]} 36. Bc5 {[%clk 0:04:44]} Qe6 {[%clk 0:00:37]} 37. b4 {[%clk
0:04:15]} Qb3 {[%clk 0:00:34]} 38. Qe3 {[%clk 0:04:00]} Qb1+ {[%clk 0:00:53]}
39. Nf1 {[%clk 0:04:20]} Bd3 {[%clk 0:00:50]} 40. Qf3 {[%clk 0:04:19]} Qc2
{[%clk 0:00:32]} 41. Qf2 {[%clk 0:03:44]} Qd1 {[%clk 0:23:49]} 42. Be3 {[%clk
0:31:45]} Qb1 {[%clk 0:23:19]} 43. Bd2 {[%clk 0:31:41]} Bb5 {[%clk 0:21:02]}
44. Qe1 {[%clk 0:30:55]} Qxe1 {[%clk 0:11:32]} 45. Bxe1 {[%clk 0:31:18]} Kh7
{[%clk 0:11:03]} 46. Ne3 {[%clk 0:31:20]} Kg6 {[%clk 0:07:39]} 47. Kf2 {[%clk
0:31:39]} Kg5 {[%clk 0:03:00]} 48. Nd5 {[%clk 0:28:51]} Bc6 {[%clk 0:01:47]}
49. Nc7 {[%clk 0:29:05]} Bb7 {[%clk 0:01:07]} 50. b5 {[%clk 0:29:23]} axb5
{[%clk 0:01:28]} 51. Nxb5 {[%clk 0:29:50]} f5 {[%clk 0:01:12]} 52. Nc7 {[%clk
0:30:08]} g6 {[%clk 0:01:02]} 53. a6 {[%clk 0:30:34]} Bxa6 {[%clk 0:01:28]} 54.
Nxa6 {[%clk 0:31:01]} Kh4 {[%clk 0:01:16]} 55. Nc5 {[%clk 0:31:08]} g5 {[%clk
0:01:00]} 56. Ne6 {[%clk 0:31:36]} f4 {[%clk 0:00:46]} 57. Ng7 {[%clk 0:31:48]}
g4 {[%clk 0:00:52]} 58. Bd2 {[%clk 0:30:34]} g3+ {[%clk 0:01:01]} 59. hxg3+
{[%clk 0:30:45]} fxg3+ {[%clk 0:01:30]} 60. Kf3 {[%clk 0:30:38]} 1-0

[Event "DVM U14 2016"]
[Site "Düsseldorf GER"]
[Date "2016.12.29"]
[Round "5"]
[White "Dietz, Florian"]
[Black "Garbuz, Vitaliy"]
[Result "1-0"]
[Termination "normal"]
[Board "3.1"]
[WhiteElo "1922"]
[BlackElo "1865"]
[WhiteTeam "Reideburger SV 90 Halle"]
[BlackTeam "SF Brackel"]
[PlyCount "77"]
[WhiteFideId "12939897"]
[BlackFideId "12990710"]
[EventCountry "GER"]
[EventRounds "7"]
[EventType "team-swiss"]
[EventDate "2016.12.26"]

1. e4 c5 2. Nf3 d6 3. d4 cxd4 4. Nxd4 Nf6 5. Nc3 Nc6 6. Be3 e6 7. Be2 Be7 8.
O-O O-O 9. f4 e5 10. Nb3 exf4 11. Bxf4 Ne5 12. Qd2 Be6 13. Kh1 Rc8 14. Rad1 a6
15. Qe1 Qc7 16. Qg3 b5 17. a3 Bc4 18. Bxc4 bxc4 19. Nd4 Nh5 20. Qe3 Nxf4 21.
Qxf4 Ng6 22. Qg3 d5 23. Qxc7 Rxc7 24. exd5 Rb7 25. Na4 Ne5 26. Rfe1 Ng4 27. Re2
Bf6 28. c3 Rd8 29. Nc6 Rc8 30. h3 Nh6 31. Nc5 Rb6 32. Nd7 Rb7 33. Nxf6+ gxf6
34. Ne7+ Rxe7 35. Rxe7 Nf5 36. d6 Rd8 37. Rc7 Rxd6 38. Rxd6 Nxd6 39. Rc6 1-0

[Event "DVM U14 2016"]
[Site "Düsseldorf GER"]
[Date "2016.12.29"]
[Round "5"]
[White "Kartsev, Nikolaj"]
[Black "Post, Hugo"]
[Result "0-1"]
[Termination "normal"]
[Board "3.2"]
[WhiteElo "1739"]
[BlackElo "1862"]
[WhiteTeam "SF Brackel"]
[BlackTeam "Reideburger SV 90 Halle"]
[PlyCount "106"]
[WhiteFideId "12939536"]
[BlackFideId "12962490"]
[EventCountry "GER"]
[EventRounds "7"]
[EventType "team-swiss"]
[EventDate "2016.12.26"]

1. e4 c5 2. Nf3 Nc6 3. c3 d5 4. exd5 Qxd5 5. d4 e6 6. Be2 Nf6 7. O-O a6 8. Re1
cxd4 9. cxd4 Be7 10. Nc3 Qd6 11. Be3 O-O 12. Qd2 Nb4 13. Rac1 Nbd5 14. Bg5 b5
15. Nxd5 Nxd5 16. Bxe7 Qxe7 17. Rc5 Bb7 18. Rec1 Rac8 19. Ne5 Qd6 20. Bd3 Rxc5
21. Rxc5 Nf6 22. Qf4 Rd8 23. g4 Qxd4 24. Qxd4 Rxd4 25. Rc7 Ne8 26. Rxb7 f6 27.
Rb8 fxe5 28. Bxh7+ Kxh7 29. Rxe8 Rd6 30. Kg2 Kg6 31. Kf3 Kf7 32. Ra8 Rd2 33.
Rxa6 Rxb2 34. Ra5 Kf6 35. h4 Rb4 36. Kg3 Rb1 37. Ra7 Rg1+ 38. Kh3 Rh1+ 39. Kg3
Rg1+ 40. Kf3 e4+ 41. Kf4 e5+ 42. Kxe4 Rxg4+ 43. Kd5 Rxh4 44. Kc5 Rf4 45. Ra8
Kg5 46. Kxb5 Rxf2 47. a4 e4 48. a5 e3 49. a6 Rb2+ 50. Kc4 e2 51. Re8 Ra2 52.
Rxe2 Rxe2 53. Kb5 Re8 0-1

[Event "DVM U14 2016"]
[Site "Düsseldorf GER"]
[Date "2016.12.29"]
[Round "5"]
[White "Henning, Marvin"]
[Black "Kracht, Raphael"]
[Result "1-0"]
[Termination "normal"]
[Board "3.3"]
[WhiteElo "1935"]
[BlackElo "1639"]
[WhiteTeam "Reideburger SV 90 Halle"]
[BlackTeam "SF Brackel"]
[PlyCount "79"]
[WhiteFideId "12957399"]
[BlackFideId "16214382"]
[EventCountry "GER"]
[EventRounds "7"]
[EventType "team-swiss"]
[EventDate "2016.12.26"]

1. e4 e5 2. Nf3 Nc6 3. Bb5 Nge7 4. c3 g6 5. O-O Bg7 6. d4 exd4 7. cxd4 a6 8.
Ba4 b5 9. Bb3 O-O 10. Re1 d6 11. Be3 Bg4 12. a4 b4 13. Qd3 Bxf3 14. gxf3 Qd7
15. Kg2 d5 16. exd5 Nxd5 17. Nd2 Nxd4 18. Ne4 Nxb3 19. Qxb3 Nxe3+ 20. Rxe3 Rfd8
21. Rae1 a5 22. R1e2 Qd5 23. Qc2 c5 24. h3 Bd4 25. Rd3 Kg7 26. Qc1 Qf5 27. Qc4
Qd5 28. Qc1 Re8 29. Qf4 Qe5 30. Qd2 f5 31. Ng3 Qd5 32. Qf4 Qe5 33. Qd2 Qd5 34.
Qf4 Rxe2 35. Nxe2 Qe5 36. Rxd4 Qxe2 37. Rd7+ Kg8 38. Qd6 Re8 39. Qf6 Qe5 40.
Qf7+ 1-0

[Event "DVM U14 2016"]
[Site "Düsseldorf GER"]
[Date "2016.12.29"]
[Round "5"]
[White "Seref, Erdogan"]
[Black "Seidel, Arne-Christian"]
[Result "1-0"]
[Termination "normal"]
[Board "3.4"]
[WhiteElo "1724"]
[BlackElo "1487"]
[WhiteTeam "SF Brackel"]
[BlackTeam "Reideburger SV 90 Halle"]
[PlyCount "37"]
[WhiteFideId "16206827"]
[BlackFideId "16235142"]
[EventCountry "GER"]
[EventRounds "7"]
[EventType "team-swiss"]
[EventDate "2016.12.26"]

1. e4 c5 2. Nf3 d6 3. c3 Nf6 4. Be2 Nc6 5. d4 cxd4 6. cxd4 Nxe4 7. d5 Qa5+ 8.
Nc3 Nxc3 9. bxc3 Nb8 10. O-O e5 11. dxe6 Bxe6 12. Rb1 Qc7 13. Nd4 Bd7 14. Bf3
Nc6 15. Re1+ Be6 16. Rxb7 Qxb7 17. Bxc6+ Qd7 18. Bxd7+ Kxd7 19. Qa4+ 1-0

[Event "DVM U14 2016"]
[Site "Düsseldorf GER"]
[Date "2016.12.29"]
[Round "5"]
[White "Krastev, Alexander"]
[Black "Huber, Benedikt"]
[Result "0-1"]
[Termination "normal"]
[Board "4.1"]
[WhiteElo "1961"]
[BlackElo "1869"]
[WhiteTeam "Biebertaler SF"]
[BlackTeam "SK München Südost"]
[PlyCount "114"]
[WhiteFideId "12989983"]
[BlackFideId "12923583"]
[EventCountry "GER"]
[EventRounds "7"]
[EventType "team-swiss"]
[EventDate "2016.12.26"]

1. e4 e6 2. Nf3 d5 3. Nc3 Nf6 4. e5 Nfd7 5. d4 c5 6. dxc5 Bxc5 7. Bd3 Nc6 8.
Bf4 a6 9. a3 h6 10. Bg3 Ba7 11. O-O Nc5 12. Re1 Nxd3 13. cxd3 O-O 14. Qd2 Bd7
15. Bh4 Qb6 16. Rab1 Nd4 17. Ne2 Nf5 18. Ng3 Nxh4 19. Nxh4 Rac8 20. Nh5 Qd4 21.
Nf3 Qg4 22. Ng3 Qa4 23. Rec1 Bb6 24. Ne2 Qa5 25. Qxa5 Bxa5 26. Ned4 f6 27. Nb3
Bb6 28. d4 f5 29. Nc5 Bxc5 30. dxc5 Rc7 31. Rc3 Rfc8 32. Rbc1 Kf7 33. Nd4 g5
34. Kf1 h5 35. Ke2 f4 36. b4 Bb5+ 37. Nxb5 axb5 38. Kd3 Kg6 39. Kd4 Kf5 40. a4
bxa4 41. b5 Ra8 42. c6 Ra5 43. b6 Rxc6 44. Rxc6 bxc6 45. Rxc6 Rb5 46. b7 Rxb7
47. Ra6 Rb4+ 48. Kc5 Rb2 49. Kd6 Rxf2 50. Rxa4 Re2 51. Ra8 Rxe5 52. Rf8+ Ke4
53. Rh8 g4 54. Rf8 Rf5 55. Ra8 f3 56. Kxe6 fxg2 57. Ra4+ d4 0-1

[Event "DVM U14 2016"]
[Site "Düsseldorf GER"]
[Date "2016.12.29"]
[Round "5"]
[White "Lohvinov, Petro"]
[Black "Pralle, Finnegan"]
[Result "0-1"]
[Termination "normal"]
[Board "4.2"]
[WhiteElo "1714"]
[BlackElo "1870"]
[WhiteTeam "SK München Südost"]
[BlackTeam "Biebertaler SF"]
[PlyCount "67"]
[WhiteFideId "14176661"]
[BlackFideId "12986615"]
[EventCountry "GER"]
[EventRounds "7"]
[EventType "team-swiss"]
[EventDate "2016.12.26"]

1. e4 e5 2. Nf3 Nc6 3. d4 exd4 4. Nxd4 Nf6 5. Nxc6 bxc6 6. e5 Qe7 7. Qe2 Nd5 8.
c4 Nb6 9. Nc3 a5 10. Qe4 g6 11. Bd3 Bg7 12. f4 O-O 13. O-O Ba6 14. Bd2 Nxc4 15.
Bxc4 Qc5+ 16. Be3 Qxc4 17. Qxc4 Bxc4 18. Rfd1 Be6 19. Rac1 a4 20. Ne4 f6 21.
Nc5 fxe5 22. Nxe6 dxe6 23. fxe5 Bxe5 24. Rxc6 Bxb2 25. Rxc7 Rac8 26. Ra7 a3 27.
Re7 Rc2 28. Bh6 Rb8 29. h3 Bh8 30. Rf1 Rxa2 31. Ref7 Ra1 32. Rxa1 Bxa1 33. Rd7
a2 34. Rd2 0-1

[Event "DVM U14 2016"]
[Site "Düsseldorf GER"]
[Date "2016.12.29"]
[Round "5"]
[White "Grunwald, Jonathan"]
[Black "Grunert, Friedrich"]
[Result "1-0"]
[Termination "normal"]
[Board "4.3"]
[WhiteElo "1526"]
[BlackElo "1795"]
[WhiteTeam "Biebertaler SF"]
[BlackTeam "SK München Südost"]
[PlyCount "47"]
[WhiteFideId "12955744"]
[BlackFideId "12995592"]
[EventCountry "GER"]
[EventRounds "7"]
[EventType "team-swiss"]
[EventDate "2016.12.26"]

1. e4 e6 2. Nc3 d5 3. Nf3 c5 4. exd5 exd5 5. Bb5+ Nc6 6. Ne5 Qc7 7. Qe2 Nge7 8.
Nxd5 Qd6 9. Nxe7 Bxe7 10. O-O O-O 11. Nxc6 bxc6 12. Bxc6 Qxc6 13. Qxe7 Bb7 14.
Qg5 Rae8 15. d3 Re6 16. f3 Rg6 17. Qf4 Qe6 18. Bd2 Qh3 19. Rf2 h6 20. Re1 Rd8
21. Re7 Bd5 22. Rxa7 Rdd6 23. Qxd6 Qf5 24. Qxc5 1-0

[Event "DVM U14 2016"]
[Site "Düsseldorf GER"]
[Date "2016.12.29"]
[Round "5"]
[White "Grunert, Wilhelm"]
[Black "Limpert, Tillmann"]
[Result "0-1"]
[Termination "normal"]
[Board "4.4"]
[WhiteElo "1575"]
[BlackElo "1486"]
[WhiteTeam "SK München Südost"]
[BlackTeam "Biebertaler SF"]
[PlyCount "38"]
[WhiteFideId "12995673"]
[BlackFideId "16213254"]
[EventCountry "GER"]
[EventRounds "7"]
[EventType "team-swiss"]
[EventDate "2016.12.26"]

1. e4 e5 2. Nf3 Nc6 3. Bb5 a6 4. Ba4 Nf6 5. O-O b5 6. Bb3 Be7 7. Re1 O-O 8. c3
d5 9. exd5 Nxd5 10. Nxe5 Nxe5 11. Rxe5 c6 12. d4 Bd6 13. Re1 Qh4 14. h3 Bxh3
15. gxh3 Qxh3 16. Bxd5 Bh2+ 17. Kh1 Bg3+ 18. Kg1 Qh2+ 19. Kf1 Qxf2# 0-1

[Event "DVM U14 2016"]
[Site "Düsseldorf GER"]
[Date "2016.12.29"]
[Round "5"]
[White "von Estorff, Jacob"]
[Black "Wong, Gengchun"]
[Result "1-0"]
[Termination "normal"]
[Board "5.1"]
[WhiteElo "1885"]
[BlackElo "2076"]
[WhiteTeam "Post SV Uelzen"]
[BlackTeam "SV Dresden-Leuben"]
[PlyCount "63"]
[WhiteFideId "12974501"]
[BlackFideId "12963283"]
[EventCountry "GER"]
[EventRounds "7"]
[EventType "team-swiss"]
[EventDate "2016.12.26"]

1. e4 c5 2. Nf3 d6 3. d4 cxd4 4. Nxd4 Nf6 5. Nc3 a6 6. Be3 e6 7. g4 e5 8. Nf5
h5 9. g5 Nxe4 10. Nxg7+ Bxg7 11. Nxe4 d5 12. Ng3 d4 13. Bd2 Qd5 14. c4 Qc6 15.
Bd3 Bg4 16. Qc2 Bf3 17. O-O Nd7 18. b4 O-O-O 19. a4 a5 20. b5 Qc7 21. c5 Qxc5
22. Qb3 Bd5 23. Qb2 Qb6 24. Qc1+ Kb8 25. Qe1 Nc5 26. Bxa5 Nxd3 27. Bxb6 Nxe1
28. Rfxe1 Rde8 29. Rac1 Re6 30. Bc7+ Ka8 31. Rc5 Rc8 32. b6 1-0

[Event "DVM U14 2016"]
[Site "Düsseldorf GER"]
[Date "2016.12.29"]
[Round "5"]
[White "Bui, Hai Lam"]
[Black "Askerov, Imamali"]
[Result "1-0"]
[Termination "normal"]
[Board "5.2"]
[WhiteElo "1922"]
[BlackElo "1777"]
[WhiteTeam "SV Dresden-Leuben"]
[BlackTeam "Post SV Uelzen"]
[PlyCount "73"]
[WhiteFideId "12975737"]
[BlackFideId "12974498"]
[EventCountry "GER"]
[EventRounds "7"]
[EventType "team-swiss"]
[EventDate "2016.12.26"]

1. e4 c5 2. Nf3 e6 3. d4 cxd4 4. Nxd4 a6 5. Nc3 Qc7 6. Bd3 Nf6 7. O-O Nc6 8.
Nxc6 bxc6 9. Qe2 e5 10. f4 d6 11. fxe5 dxe5 12. Be3 Be7 13. h3 O-O 14. Na4 c5
15. Nc3 Bb7 16. Bg5 Qb6 17. Na4 Qc6 18. Nc3 Rac8 19. Bc4 Rcd8 20. Bxf6 Bxf6 21.
Bd5 Qc7 22. Qg4 Rd6 23. Rf3 Bc8 24. Qg3 Qe7 25. Raf1 Kh8 26. Qf2 Rdd8 27. Nd1
Bh4 28. g3 Bf6 29. Qg2 c4 30. Kh2 Bd7 31. Ne3 c3 32. bxc3 Qc5 33. Qf2 Qc8 34.
Rxf6 gxf6 35. Qxf6+ Kg8 36. Rf5 h6 37. Qg6+ 1-0

[Event "DVM U14 2016"]
[Site "Düsseldorf GER"]
[Date "2016.12.29"]
[Round "5"]
[White "Knüdel, Torben"]
[Black "Bui, Ngoc Han Julia"]
[Result "1/2-1/2"]
[Termination "normal"]
[Board "5.3"]
[WhiteElo "1773"]
[BlackElo "1773"]
[WhiteTeam "Post SV Uelzen"]
[BlackTeam "SV Dresden-Leuben"]
[PlyCount "84"]
[WhiteFideId "16208820"]
[BlackFideId "12977055"]
[EventCountry "GER"]
[EventRounds "7"]
[EventType "team-swiss"]
[EventDate "2016.12.26"]

1. e4 e6 2. d4 d5 3. exd5 exd5 4. Bd3 c5 5. Nf3 c4 6. Be2 Nf6 7. Nc3 Be7 8. O-O
O-O 9. b3 cxb3 10. axb3 Nc6 11. Re1 Re8 12. Bb5 Bg4 13. Qd3 Bxf3 14. Bxc6 bxc6
15. Qxf3 Qd7 16. Bd2 Bb4 17. Kf1 Bxc3 18. Bxc3 Ne4 19. Qe3 Re6 20. f3 Ng3+ 21.
hxg3 Rxe3 22. Rxe3 Qf5 23. Rae1 h6 24. R1e2 a5 25. Re8+ Rxe8 26. Rxe8+ Kh7 27.
Re2 Qf6 28. Re5 Qd6 29. Kf2 Qa3 30. Re1 Qa2 31. Rc1 a4 32. bxa4 Qxa4 33. Ke3
Qc4 34. Bb2 c5 35. dxc5 Qxc5+ 36. Bd4 Qa3+ 37. Kd2 Qd6 38. g4 Qg3 39. Rg1 Kg6
40. c3 f5 41. gxf5+ Kxf5 42. Ke2 Kg6 1/2-1/2

[Event "DVM U14 2016"]
[Site "Düsseldorf GER"]
[Date "2016.12.29"]
[Round "5"]
[White "Wong, Kar Yan"]
[Black "Rothenberg, Nina"]
[Result "1-0"]
[Termination "normal"]
[Board "5.4"]
[WhiteElo "1537"]
[BlackElo "1400"]
[WhiteTeam "SV Dresden-Leuben"]
[BlackTeam "Post SV Uelzen"]
[PlyCount "67"]
[WhiteFideId "12971855"]
[BlackFideId "16208943"]
[EventCountry "GER"]
[EventRounds "7"]
[EventType "team-swiss"]
[EventDate "2016.12.26"]

1. e4 e6 2. d4 d5 3. Nc3 Nf6 4. e5 Nfd7 5. f4 c5 6. Nf3 Nc6 7. Be3 cxd4 8. Nxd4
Be7 9. Bd3 O-O 10. Qh5 h6 11. O-O-O Qe8 12. Qh3 Bc5 13. Nb3 Bxe3+ 14. Qxe3 a6
15. g4 f6 16. exf6 Nxf6 17. g5 hxg5 18. fxg5 Nh7 19. Rhg1 Nb4 20. Bxh7+ Kxh7
21. g6+ Kg8 22. Qh3 Rf5 23. Qh7+ Kf8 24. Qh8+ Ke7 25. Qxg7+ Kd8 26. Qd4 Nc6 27.
Qb6+ Ke7 28. g7 Qg8 29. Nc5 Rb8 30. Qc7+ Ke8 31. Rdf1 e5 32. Rxf5 Bxf5 33. Nxb7
Bd7 34. Nxd5 1-0

[Event "DVM U14 2016"]
[Site "Düsseldorf GER"]
[Date "2016.12.29"]
[Round "5"]
[White "Staufenberger, Philipp"]
[Black "Faßhauer, Jacob"]
[Result "1/2-1/2"]
[Termination "normal"]
[Board "6.1"]
[WhiteElo "1793"]
[BlackElo "1890"]
[WhiteTeam "SG Königskinder Hohentübingen"]
[BlackTeam "SG Leipzig"]
[PlyCount "66"]
[WhiteFideId "12970883"]
[BlackFideId "12990167"]
[EventCountry "GER"]
[EventRounds "7"]
[EventType "team-swiss"]
[EventDate "2016.12.26"]

1. d4 Nf6 2. c4 g6 3. Nc3 Bg7 4. e4 d6 5. Nf3 O-O 6. Be2 Na6 7. O-O e5 8. Re1
exd4 9. Nxd4 Nc5 10. f3 a5 11. Bf1 Re8 12. Bg5 c6 13. Qd2 Qb6 14. Kh1 Be6 15.
Rad1 Rad8 16. Qf2 h6 17. Be3 Nfd7 18. Nb3 Qb4 19. Nxc5 Nxc5 20. e5 Bxc4 21. Rd4
Bxf1 22. Rxb4 axb4 23. Bxc5 dxc5 24. Ne4 Bc4 25. Nf6+ Bxf6 26. exf6 Bxa2 27. h3
Rxe1+ 28. Qxe1 Be6 29. Qe3 Kh7 30. Qxc5 b3 31. Qe7 Rc8 32. f4 b5 33. g4 Rg8
1/2-1/2

[Event "DVM U14 2016"]
[Site "Düsseldorf GER"]
[Date "2016.12.29"]
[Round "5"]
[White "Enxing, Philemon"]
[Black "Hofele, Mathis"]
[Result "1-0"]
[Termination "normal"]
[Board "6.2"]
[WhiteElo "1460"]
[BlackElo "1687"]
[WhiteTeam "SG Leipzig"]
[BlackTeam "SG Königskinder Hohentübingen"]
[PlyCount "75"]
[WhiteFideId "16217632"]
[BlackFideId "12963844"]
[EventCountry "GER"]
[EventRounds "7"]
[EventType "team-swiss"]
[EventDate "2016.12.26"]

1. e4 c5 2. Nc3 d6 3. g3 Nc6 4. Bg2 g6 5. Nh3 Bg7 6. d3 e6 7. O-O Nge7 8. Be3
Nd4 9. Qd2 O-O 10. Bh6 e5 11. Bxg7 Kxg7 12. f4 exf4 13. Nxf4 Rb8 14. Ncd5 Be6
15. Ne3 a6 16. c3 Ndc6 17. Rf2 Qb6 18. b3 a5 19. Raf1 Bd7 20. Ned5 Qd8 21. d4
cxd4 22. cxd4 a4 23. b4 Nxd5 24. Nxd5 Ne7 25. Nc3 b5 26. a3 Be6 27. d5 Bd7 28.
Qf4 Be8 29. Ne2 Nc8 30. Nd4 Bd7 31. e5 Qe7 32. e6 Be8 33. exf7 Rxf7 34. Ne6+
Kg8 35. Qh6 Qa7 36. Ng5 Rxf2 37. Rxf2 Qg7 38. Rf8+ 1-0

[Event "DVM U14 2016"]
[Site "Düsseldorf GER"]
[Date "2016.12.29"]
[Round "5"]
[White "Hurm, Moritz"]
[Black "Mücka, Cedric"]
[Result "0-1"]
[Termination "normal"]
[Board "6.3"]
[WhiteElo "1492"]
[BlackElo "1526"]
[WhiteTeam "SG Königskinder Hohentübingen"]
[BlackTeam "SG Leipzig"]
[PlyCount "78"]
[WhiteFideId "16235150"]
[BlackFideId "16217640"]
[EventCountry "GER"]
[EventRounds "7"]
[EventType "team-swiss"]
[EventDate "2016.12.26"]

1. e4 c5 2. d4 cxd4 3. c3 dxc3 4. Nxc3 Nc6 5. Bc4 e6 6. Nf3 a6 7. O-O Nge7 8.
Bg5 f6 9. Be3 b5 10. Bb3 Ng6 11. Qe2 Be7 12. Rfd1 O-O 13. Bxe6+ Kh8 14. Bf5 d6
15. Bxg6 hxg6 16. Rac1 Bb7 17. Nh4 Qe8 18. Nd5 Rd8 19. Rxc6 Bxc6 20. Nxe7 Bxe4
21. Nd5 g5 22. Nf3 g4 23. Ne1 f5 24. Nc7 Qe7 25. Nxa6 Bb7 26. Qxb5 Rde8 27. Nb4
f4 28. Qh5+ Kg8 29. Bd2 Qe2 30. Ra1 Qxd2 31. Nbd3 Be4 32. Qb5 d5 33. a4 Rb8 34.
Qa6 Ra8 35. Qb5 Ra5 36. Qb3 g3 37. f3 Qe3+ 38. Kh1 gxh2 39. Kxh2 Ra6 0-1

[Event "DVM U14 2016"]
[Site "Düsseldorf GER"]
[Date "2016.12.29"]
[Round "5"]
[White "Wang, Ruiming"]
[Black "Hurm, Yannik"]
[Result "1-0"]
[Termination "normal"]
[Board "6.4"]
[WhiteElo "1568"]
[BlackElo "1450"]
[WhiteTeam "SG Leipzig"]
[BlackTeam "SG Königskinder Hohentübingen"]
[PlyCount "105"]
[WhiteFideId "16217659"]
[BlackFideId "16235169"]
[EventCountry "GER"]
[EventRounds "7"]
[EventType "team-swiss"]
[EventDate "2016.12.26"]

1. e4 c5 2. c3 e6 3. d4 d5 4. exd5 exd5 5. Nf3 Nc6 6. Be3 c4 7. Be2 Nf6 8. Ne5
Qc7 9. Bf4 Bd6 10. Nxc6 Bxf4 11. Ne5 Bxe5 12. dxe5 Qxe5 13. O-O O-O 14. Nd2 Bf5
15. Nf3 Qf4 16. Qd4 Qxd4 17. Nxd4 Be4 18. Rad1 a6 19. h4 h6 20. Rd2 Rfe8 21.
Rfd1 Rac8 22. f3 Bh7 23. g4 g5 24. Kf2 gxh4 25. Rh1 Kg7 26. Rxh4 Re5 27. Rd1
Rce8 28. Rdh1 Ng8 29. f4 R5e7 30. f5 f6 31. Bf3 Rd7 32. Ne6+ Kf7 33. Nc5 Rd6
34. Nxb7 Rd7 35. a4 Rb8 36. Nc5 Rd6 37. Ke3 Rxb2 38. Rd1 Rc2 39. Bxd5+ Ke7 40.
Kd4 Rxd5+ 41. Kxd5 Rxc3 42. Kd4 Rc2 43. Nxa6 Kf7 44. Nb4 Rf2 45. Kxc4 Rf4+ 46.
Kb5 Bxf5 47. gxf5 Rxh4 48. Nc6 Rf4 49. Rd5 Ne7 50. Rd7 Re4 51. a5 Ke8 52. Rxe7+
Rxe7 53. Nxe7 1-0

[Event "DVM U14 2016"]
[Site "Düsseldorf GER"]
[Date "2016.12.29"]
[Round "5"]
[White "Lichtmannecker, Daniel"]
[Black "Simukov, Erik"]
[Result "1-0"]
[Termination "normal"]
[Board "7.1"]
[WhiteElo "1684"]
[BlackElo "1769"]
[WhiteTeam "FC Ergolding"]
[BlackTeam "SVG CAISSA Kassel"]
[PlyCount "47"]
[WhiteFideId "12979414"]
[BlackFideId "12995380"]
[EventCountry "GER"]
[EventRounds "7"]
[EventType "team-swiss"]
[EventDate "2016.12.26"]

1. d4 d5 2. Nf3 Nf6 3. e3 e6 4. Bd3 c5 5. b3 Nc6 6. a3 Bd6 7. Bb2 O-O 8. O-O b6
9. Nbd2 Bb7 10. dxc5 bxc5 11. e4 Rc8 12. e5 Nxe5 13. Nxe5 Qc7 14. Ndf3 d4 15.
Re1 Rfd8 16. h3 h6 17. Bc1 Nd5 18. Bd2 f6 19. Nc4 Bf4 20. Rxe6 Qf7 21. Re1 Qh5
22. Be4 Bb8 23. Nh2 Qh4 24. Qf3 1-0

[Event "DVM U14 2016"]
[Site "Düsseldorf GER"]
[Date "2016.12.29"]
[Round "5"]
[White "Wöllenstein, Sebastian"]
[Black "Astner, Sebastian"]
[Result "0-1"]
[Termination "normal"]
[Board "7.2"]
[WhiteElo "1752"]
[BlackElo "1804"]
[WhiteTeam "SVG CAISSA Kassel"]
[BlackTeam "FC Ergolding"]
[PlyCount "108"]
[WhiteFideId "12974706"]
[BlackFideId "12979422"]
[EventCountry "GER"]
[EventRounds "7"]
[EventType "team-swiss"]
[EventDate "2016.12.26"]

1. e4 Nc6 2. Nf3 e5 3. Bb5 d6 4. c3 f5 5. d3 Nf6 6. Qc2 Be7 7. O-O O-O 8. Re1
fxe4 9. dxe4 Qe8 10. Nbd2 Qg6 11. Nf1 Ng4 12. Ng3 h5 13. Bd3 Bd7 14. Nf5 Rae8
15. N3h4 Bxh4 16. Nxh4 Qf6 17. Nf5 Ne7 18. Nxe7+ Qxe7 19. f3 Nxh2 20. Qf2 Ng4
21. Bc4+ Kh8 22. Qd2 Nh6 23. Qg5 Qxg5 24. Bxg5 Nf7 25. Be3 a6 26. Kf2 Be6 27.
Be2 g6 28. Rh1 Kg7 29. b3 Rh8 30. g3 Ref8 31. Rag1 Nh6 32. Ke1 Nf7 33. Rh2 c6
34. c4 c5 35. Kd2 Kf6 36. f4 Ke7 37. Rf2 Bd7 38. g4 hxg4 39. Bxg4 Bxg4 40. Rxg4
exf4 41. Bxf4 Ne5 42. Bxe5 Rxf2+ 43. Ke3 Rhf8 44. Bf4 R8xf4 45. Rxf4 Rxf4 46.
Kxf4 Kf6 47. Kf3 Ke5 48. Ke3 g5 49. Kf3 b5 50. a3 b4 51. axb4 cxb4 52. Kg4 Kxe4
53. Kxg5 Kd4 54. Kf6 Kc3 0-1

[Event "DVM U14 2016"]
[Site "Düsseldorf GER"]
[Date "2016.12.29"]
[Round "5"]
[White "Sowka, Patrick"]
[Black "Fromm, Nick"]
[Result "0-1"]
[Termination "normal"]
[Board "7.3"]
[WhiteElo "1686"]
[BlackElo "1527"]
[WhiteTeam "FC Ergolding"]
[BlackTeam "SVG CAISSA Kassel"]
[PlyCount "44"]
[WhiteFideId "16234944"]
[BlackFideId "12958026"]
[EventCountry "GER"]
[EventRounds "7"]
[EventType "team-swiss"]
[EventDate "2016.12.26"]

1. d4 d5 2. c4 c6 3. Nc3 Nf6 4. Bf4 e6 5. e3 Be7 6. Nf3 O-O 7. Bd3 dxc4 8. Bxc4
Nbd7 9. e4 c5 10. O-O cxd4 11. Qxd4 Nb6 12. Rfd1 Qxd4 13. Rxd4 Bc5 14. Rdd1
Nxc4 15. Rab1 Bd7 16. Bg5 Bc6 17. b4 Be7 18. e5 Nd5 19. Nxd5 Bxg5 20. Nxg5 Bxd5
21. Nh3 Rfd8 22. Rd4 Nxe5 0-1